Tropical Biodiversity: Science, Data, Conservation (Registro nro. 20830)
[ vista simple ]
| 000 -CABECERA | |
|---|---|
| Campo de control | 01165nam a22002657a 4500 |
| 005 - FECHA Y HORA DE LA ULTIMA TRANSACCION | |
| Campo de control | 20200211093936.0 |
| 008 - ELEMENTOS DE LONGITUD FIJA—INFORMACION GENERAL | |
| Campo de control | 200211b xxu||||| |||| 00| 0 spa d |
| 040 ## - FUENTE DE CATALOGACIÓN | |
| Agencia catalogadora original | CO-BoIAVH |
| Agencia transcriptora | CO-BoIAVH |
| 041 ## - IDIOMA | |
| Código de idioma para texto/pista de sonido o título separado | Inglés |
| 044 ## - PAÍS DE PUBLICACIÓN | |
| País de publicación | Belgica |
| 082 ## - NUMERO DE CLASIFICACION DECIMAL DEWEY | |
| Número de clasificación | 577.0913 |
| Número del ítem | B42t |
| 110 ## - ASIENTO PRINCIPAL--NOMBRE CORPORATIVO | |
| 9 (RLIN) | 102641 |
| Nombre corporativo o de jurisdicción como elemento de entrada | Belgian Science Policy |
| 111 ## - ASIENTO PRINCIPAL--NOMBRE DE REUNION | |
| Nombre de reunión o de jurisdicción como elemento de entrada | Third GBIF Science Symposium |
| Lugar de la reunión | Bruselas, Bélgica |
| Fecha de la reunión | 18-19 de abril 2005 |
| 9 (RLIN) | 102644 |
| 245 ## - MENCION DE TITULO | |
| Título | Tropical Biodiversity: Science, Data, Conservation |
| Parte restante del título | Abstract Volume |
| Mención de responsabilidad | Belgian Science Policy y otros colaboradores |
| 260 ## - PUBLICACION, DISTRIBUCION, ETC. (PIE DE IMPRENTA) | |
| Lugar de publicación, distribución, etc. | Bélgica: |
| Nombre del editor, distribuidor, etc. | Royal Belgian Institute of Natural Sciences, |
| Fecha de publicación, distribución, etc. | 2005. |
| 300 ## - DESCRIPCION FISICA | |
| Extensión | 52 páginas, |
| Dimensiones | 24 x 17 cm |
| 650 #0 - ASIENTO SECUNDARIO DE MATERIA - TERMINO TEMATICO | |
| 9 (RLIN) | 360 |
| Término temático o nombre geográfico como elemento de entrada | Biodiversidad |
| Subdivisión de forma | Congresos y conferencias. |
| Subdivisión general | Trópico |
| 650 #0 - ASIENTO SECUNDARIO DE MATERIA - TERMINO TEMATICO | |
| 9 (RLIN) | 57418 |
| Término temático o nombre geográfico como elemento de entrada | Áreas prioritarias de conservación |
| Subdivisión de forma | Congresos, conferencias, etc. |
| 650 #0 - ASIENTO SECUNDARIO DE MATERIA - TERMINO TEMATICO | |
| 9 (RLIN) | 102640 |
| Término temático o nombre geográfico como elemento de entrada | Productos tropicales |
| Subdivisión de forma | Banana, café |
| 651 #0 - ASIENTO SECUNDARIO DE MATERIA - NOMBRE GEOGRAFICO | |
| 9 (RLIN) | 102639 |
| Nombre geográfico | África central |
| Subdivisión general | Biodiversidad |
| 710 ## - ASIENTO SECUNDARIO - NOMBRE CORPORATIVO | |
| 9 (RLIN) | 102642 |
| Nombre corporativo o de jurisdicción como elemento de entrada | Belgian Clearing-House to the Convention on Biological Diversity |
| 710 ## - ASIENTO SECUNDARIO - NOMBRE CORPORATIVO | |
| 9 (RLIN) | 102643 |
| Nombre corporativo o de jurisdicción como elemento de entrada | Royal Belgian Institute of Natural Science |
| 710 ## - ASIENTO SECUNDARIO - NOMBRE CORPORATIVO | |
| 9 (RLIN) | 23664 |
| Nombre corporativo o de jurisdicción como elemento de entrada | Global Biodiversity Information Facility |
| 942 ## - ELEMENTOS ADICIONALES (KOHA) | |
| Sistema de clasificación | Dewey Decimal Classification |
| Tipo de ítem | Libro |
| Withdrawn status | Lost status | Sistema de Clasificación | Damaged status | No para préstamo | Colección | Ubicación Permanente | Ubicación actual | Fecha de adquisición | Total Checkouts | Número topográfico | Inventario / Código de Barras | Date last seen | Ejemplar | Price effective from | Forma de adquisición | Tipo de material |
|---|---|---|---|---|---|---|---|---|---|---|---|---|---|---|---|---|
| Dewey Decimal Classification | General | Bogotá | Bogotá | 11/02/2020 | LB-577.0913 B42t | 044086 | 11/02/2020 | Ej. 1 | 11/02/2020 | Donación | Libro |